[Event "Montigny le Bretonneux-C 15th"]
[Site "Montigny le Bretonneux"]
[Date "2016.10.30"]
[Round "9.3"]
[White "Ivanov, Mario"]
[Black "Branson, James"]
[Result "0-1"]
[WhiteElo "1207"]
[BlackElo "1581"]
[PlyCount "116"]
[EventDate "2016.10.22"]
[EventType "tourn"]
[EventRounds "9"]
[EventCountry "FRA"]
[SourceTitle "EXT 2024"]
[Source "ChessBase"]
[SourceDate "2023.10.10"]
[SourceVersion "1"]
[SourceVersionDate "2023.10.10"]
[SourceQuality "1"]

1. d4 Nf6 2. c4 e5 3. dxe5 Ng4 4. Nf3 Bc5 5. e3 Nc6 6. Nc3 Ngxe5 7. Nxe5 Nxe5 8. Be2 d6 9. 0-0 a6 10. a3 Be6 11. b4 Ba7 12. Bb2 Nxc4 13. Bxc4 Bxc4 14. Re1 Qh4 15. Nd5 0-0-0 16. Bxg7 Rhg8 17. Bf6 Qh3 18. Ne7+ Kb8 19. Nxg8 Rxg8 20. g3 Rg6 21. Qf3 Rh6 22. Qg2 Qxg2+ 23. Kxg2 Rxf6 24. f4 Bd5+ 25. e4 Bc6 26. Rad1 Kc8 27. Kh3 Rh6+ 28. Kg4 Rxh2 29. e5 dxe5 30. Rxe5 f6 31. Re7 h5+ 32. Kf5 Bf2 33. Kxf6 Bxg3 34. Rg7 Bh4+ 35. Kf7 b6 36. f5 Rf2 37. Kg6 Bd8 38. Rg8 Rg2+ 39. Kf7 Rxg8 40. Kxg8 h4 41. Rd2 h3 42. Rh2 Bd7 43. Rf2 Bf6 44. Kf7 Be5 45. f6 h2 46. Rxh2 Bxh2 47. Ke7 Bd6+ 48. Kf7 c5 49. Kg7 c4 50. f7 c3 51. f8Q+ Bxf8+ 52. Kxf8 c2 53. Kf7 c1Q 54. Kf6 Qf4+ 55. Kg6 Qf5+ 56. Kg7 Be6 57. Kh8 Qf7 58. b5 Qg8# 0-1

[Event "Montigny le Bretonneux-C 15th"]
[Site "Montigny le Bretonneux"]
[Date "2016.10.29"]
[Round "8.5"]
[White "Krestinine, Michka"]
[Black "Ivanov, Mario"]
[Result "1-0"]
[WhiteElo "1636"]
[BlackElo "1207"]
[PlyCount "45"]
[EventDate "2016.10.22"]
[EventType "tourn"]
[EventRounds "9"]
[EventCountry "FRA"]
[SourceTitle "EXT 2024"]
[Source "ChessBase"]
[SourceDate "2023.10.10"]
[SourceVersion "1"]
[SourceVersionDate "2023.10.10"]
[SourceQuality "1"]

1. e4 e5 2. f4 d6 3. Nf3 Nc6 4. Bc4 f5 5. d3 fxe4 6. dxe4 Bg4 7. Nc3 Nf6 8. 0-0 Qd7 9. h3 Be6 10. Bxe6 Qxe6 11. f5 Qf7 12. Ng5 Qd7 13. Qd3 h6 14. Ne6 Nd8 15. Nd5 Nxd5 16. exd5 c6 17. c4 cxd5 18. cxd5 Rc8 19. Be3 a6 20. Rac1 Nxe6 21. fxe6 Qd8 22. Qg6+ Ke7 23. Qf7# 1-0

[Event "Montigny le Bretonneux-C 15th"]
[Site "Montigny le Bretonneux"]
[Date "2016.10.28"]
[Round "7.3"]
[White "Ivanov, Mario"]
[Black "Pages, Francois"]
[Result "1-0"]
[WhiteElo "1207"]
[BlackElo "1491"]
[PlyCount "63"]
[EventDate "2016.10.22"]
[EventType "tourn"]
[EventRounds "9"]
[EventCountry "FRA"]
[SourceTitle "EXT 2024"]
[Source "ChessBase"]
[SourceDate "2023.10.10"]
[SourceVersion "1"]
[SourceVersionDate "2023.10.10"]
[SourceQuality "1"]

1. d4 d5 2. c4 c6 3. Nc3 e6 4. Nf3 Nf6 5. Bg5 Be7 6. e3 0-0 7. Be2 Re8 8. 0-0 Nfd7 9. Bxe7 Qxe7 10. Re1 dxc4 11. Bxc4 Nb6 12. Bb3 Na6 13. Qd3 Nb4 14. Qd2 N4d5 15. e4 Nf6 16. Rad1 Qc7 17. Re3 c5 18. dxc5 Qxc5 19. e5 Nfd7 20. Rc1 Qe7 21. Nb5 Rd8 22. Rd3 a6 23. Nd6 Rb8 24. Rdc3 Qf8 25. Qf4 Na8 26. Ng5 Ndb6 27. Nxh7 Qe7 28. Ng5 Nd5 29. Qh4 Qxg5 30. Qxg5 Nxc3 31. Qxd8+ Kh7 32. Rxc3 1-0

[Event "Montigny le Bretonneux-C 15th"]
[Site "Montigny le Bretonneux"]
[Date "2016.10.27"]
[Round "6.4"]
[White "Sagon, Lancelot"]
[Black "Ivanov, Mario"]
[Result "1-0"]
[WhiteElo "1521"]
[BlackElo "1207"]
[PlyCount "109"]
[EventDate "2016.10.22"]
[EventType "tourn"]
[EventRounds "9"]
[EventCountry "FRA"]
[SourceTitle "EXT 2024"]
[Source "ChessBase"]
[SourceDate "2023.10.10"]
[SourceVersion "1"]
[SourceVersionDate "2023.10.10"]
[SourceQuality "1"]

1. e4 e5 2. Nf3 Nc6 3. Bc4 Nf6 4. d3 Bc5 5. Nc3 0-0 6. 0-0 d6 7. Be3 Bb6 8. h3 Be6 9. Bb3 Bxb3 10. axb3 d5 11. Bg5 dxe4 12. Nxe4 Re8 13. Nfd2 h6 14. Nxf6+ gxf6 15. Bxh6 f5 16. Qh5 Qf6 17. Be3 Qg6 18. Qxg6+ fxg6 19. Nc4 Bxe3 20. fxe3 a6 21. Na5 Nxa5 22. Rxa5 b6 23. Ra4 c5 24. Rfa1 a5 25. Kf2 Rad8 26. e4 Rf8 27. Ke3 Kf7 28. Rf1 Ke6 29. c3 fxe4 30. Rxf8 Rxf8 31. Rxe4 b5 32. d4 cxd4+ 33. cxd4 Rc8 34. Rxe5+ Kf6 35. Rxb5 Rc2 36. Rxa5 Rxb2 37. Ra6+ Kf7 38. Rb6 Rxg2 39. Rb7+ Kf6 40. b4 Rg3+ 41. Ke4 Rxh3 42. b5 g5 43. b6 Rh8 44. Rc7 g4 45. b7 Rb8 46. d5 g3 47. Kf3 g2 48. Kxg2 Ke5 49. Rd7 Kd4 50. Kf3 Kc5 51. Ke4 Kb6 52. Ke5 Rxb7 53. Rxb7+ Kxb7 54. Kd6 Kc8 55. Ke7 1-0

[Event "Montigny le Bretonneux-C 15th"]
[Site "Montigny le Bretonneux"]
[Date "2016.10.23"]
[Round "2.2"]
[White "Benbakir, Chouaib"]
[Black "Ivanov, Mario"]
[Result "1-0"]
[WhiteElo "1525"]
[BlackElo "1207"]
[PlyCount "107"]
[EventDate "2016.10.22"]
[EventType "tourn"]
[EventRounds "9"]
[EventCountry "FRA"]
[SourceTitle "EXT 2024"]
[Source "ChessBase"]
[SourceDate "2023.10.10"]
[SourceVersion "1"]
[SourceVersionDate "2023.10.10"]
[SourceQuality "1"]

1. e4 e5 2. Nf3 Nc6 3. Bc4 Nf6 4. Ng5 d5 5. exd5 Na5 6. Bb5+ c6 7. dxc6 bxc6 8. Be2 h6 9. Nf3 e4 10. Ne5 Qd4 11. f4 Bc5 12. Rf1 Bf5 13. c3 Qd5 14. b4 Rb8 15. bxa5 e3 16. Bc4 Qxg2 17. Bxf7+ Kf8 18. Qe2 Qxe2+ 19. Kxe2 Rxb1 20. Rxb1 Bxb1 21. d4 Bd6 22. Bxe3 Be4 23. Bc4 Nd5 24. Bd2 Ke8 25. Bd3 Bxd3+ 26. Kxd3 Bxe5 27. fxe5 Ke7 28. c4 Nc7 29. Rb1 a6 30. Rb7 Kd7 31. Bb4 g5 32. Bd6 Rc8 33. Ke4 Kd8 34. Bxc7+ Rxc7 35. Rxc7 Kxc7 36. Kf5 Kd7 37. Kg6 Ke6 38. Kxh6 c5 39. d5+ Kxe5 40. Kxg5 Kd4 41. d6 Kxc4 42. d7 Kc3 43. d8Q c4 44. Qf6+ Kd2 45. Qd4+ Kc2 46. Qxc4+ Kd2 47. h4 Ke3 48. Kf5 Kf3 49. Qf4+ Ke2 50. Ke4 Kd1 51. Qf2 Kc1 52. Kd3 Kb1 53. Kc3 Ka1 54. Qb2# 1-0